000 01152nam a2200325 i 4500
003 EG-GICUC
005 20260429090344.0
008 260429s2011 Fr |||fr|||| 00| 0 fre d
020 _a9782247090112
040 _aEG-GiCUC
_bfre
_cEG-GiCUC
_dEG-GiCUC
_eRda
082 0 4 _221
_a343.3
_bCO
092 0 4 _221
099 _aLaw1 10 343.3 CO 2011
245 0 0 _aCode De Procédure Pénale /
_cAnsorarions De Jurisprudence ER Bibliographie Par Jean-françois Renucci, Concours De Carole Gayet.
250 _aCinquante-deuxième Édition
264 1 _aParis :
_bDalloz,
_c2011.
264 3 _aItaly :
_bD'imprimer Sur Les Presses De Le.go. S.p.a., Lavis (Tn)
300 _aVi - Xlviii, 2847 page;
_c 24 cm.
336 _2rda contenu
_a texte
337 _2rda medias
_aOrdinateur
338 _2 transporteur rda
_a Ressource en ligne
650 1 _aDroit de procédure pénale
_2qrmak
650 1 _aDroit De Panél
_2qrmak
651 1 _2qrmak
700 1 _aRenucci, Jean-françois
_eIllustrateur
700 1 _aGayet, Carole
_eIllustrateur
856 4 0 _uhttps://fll.law.cu.edu.eg/fulltext/bks/B10-10304.pdf
905 _a54
942 _2ddc
_cBK
_e21
_n0
999 _c74033
_d74033